[Event "AUTO-ADV-1096"]
[Site "http://www.queenalice.com/game.php?id=488272"]
[Date "2008.11.5"]
[Round "1"]
[White "Andre251"]
[Black "tewald"]
[Result "0-1"]
[WhiteElo "1646"]
[BlackElo "1850"]

1. e4 e6 2. Nf3 d5 3. e5 Ne7 4. d4 Nf5 5. g4 Ne7 6. Be2 Ng6 7. Bg5 Be7 8. Be3
O-O 9. h4 c5 10. c3 Qb6 11. b3 Nc6 12. h5 Nh8 13. h6 Ng6 14. g5 cxd4 15. cxd4
Bb4+ 16. Nbd2 Nce7 17. a3 Bxd2+ 18. Nxd2 Nf5 19. Bh5 Nxe3 0-1

[Event "Challenge"]
[Site "http://www.queenalice.com/game.php?id=488282"]
[Date "2008.11.5"]
[Round "-"]
[White "Mike36bh"]
[Black "Andre251"]
[Result "1-0"]
[WhiteElo "1785"]
[BlackElo "1771"]

1. d4 d5 2. Nc3 c6 3. e4 e6 4. e5 Ne7 5. a3 a6 6. Bg5 Nd7 7. Nf3 h6 8. Bxe7 Bxe7
9. Bd3 f6 10. Bg6+ Kf8 11. exf6 Nxf6 12. Ne5 Bd7 13. Nf7 Qb6 14. Nxh8 Qxb2 15.
Ne2 Bxa3 16. O-O b5 17. Nf7 Be8 18. Ne5 Bxg6 19. Nxg6+ Kg8 20. Nef4 Re8 21. Qd3
1-0

[Event "Challenge"]
[Site "http://www.queenalice.com/game.php?id=488336"]
[Date "2008.11.5"]
[Round "-"]
[White "coccobill"]
[Black "Andre251"]
[Result "1-0"]
[WhiteElo "2009"]
[BlackElo "1509"]

1. e4 e5 2. Nf3 Nc6 3. Bc4 Bc5 4. b4 Bxb4 5. c3 Be7 6. d4 exd4 7. Qb3 d5 8. Bxd5
Be6 9. Bxe6 fxe6 10. Qxe6 d3 11. O-O Qd7 12. Qb3 O-O-O 13. Be3 b6 14. Nbd2 Nf6
15. Ng5 Rhf8 16. Ne6 Ng4 17. Nxf8 Rxf8 18. Nc4 Bd6 19. h3 Nge5 20. f4 Nxc4 21.
Qxc4 Rf6 22. e5 Rg6 23. exd6 Qxh3 24. Qxc6 Qxe3+ 25. Rf2 Rxd6 26. Qf3 Qc5 27.
Rd1 d2 28. Kf1 Qc4+ 29. Re2 Rd3 30. Qa8+ Kd7 31. Qe8+ Kd6 32. Rdxd2 Rxd2 33.
Qd8+ Kc6 34. Qxd2 Kb7 35. Qd4 Qb5 36. Kf2 Qf5 37. Qe4+ Qxe4 38. Rxe4 g6 39. g4
h6 40. f5 gxf5 41. gxf5 Ka6 42. f6 c5 43. f7 1-0

[Event "Challenge"]
[Site "http://www.queenalice.com/game.php?id=488337"]
[Date "2008.11.5"]
[Round "-"]
[White "Andre251"]
[Black "coccobill"]
[Result "0-1"]
[WhiteElo "1507"]
[BlackElo "2011"]

1. e4 e5 2. Bc4 Nc6 3. c3 d6 4. Qf3 Nf6 5. h3 Be7 6. d3 O-O 7. Be3 Be6 8. Nd2 h6
9. g4 Nh7 10. Qg3 Bh4 11. Qg2 Na5 12. Ndf3 Bxc4 13. dxc4 Nxc4 14. O-O-O Nxe3 15.
fxe3 Qe7 16. Nxh4 Qxh4 17. Nf3 Qe7 18. h4 g6 19. h5 g5 20. Nh2 Qe6 21. Kb1 Nf6
22. Rhf1 Nd7 23. Rf2 Rae8 24. Nf1 Qc4 25. Ng3 Kg7 26. Rdf1 f6 27. Qf3 Qf7 28.
Qf5 Re6 29. Qf3 Nc5 30. Nf5+ Kh7 31. Rd1 Rd8 32. b4 Na4 33. Rd3 Qd7 34. Kc2 Qb5
35. Ne7 Qd7 36. Nd5 Rf8 37. c4 Kh8 38. Rd1 Qg7 39. Kb3 c6 40. Kxa4 cxd5 41. exd5
e4 0-1

[Event "Challenge01"]
[Site "http://www.queenalice.com/game.php?id=488348"]
[Date "2008.11.5"]
[Round "-"]
[White "Andre251"]
[Black "montelo"]
[Result "0-1"]
[WhiteElo "1812"]
[BlackElo "1620"]

1. e4 e5 2. h3 Nf6 3. Qf3 c6 4. Ne2 g6 5. d4 Bg7 6. dxe5 Qa5+ 7. Nbc3 Qxe5 8.
Bf4 Qa5 9. g3 Qb6 10. e5 Nh5 11. g4 Nxf4 12. Qxf4 Qxb2 13. Rc1 d5 14. Bg2 h5 15.
g5 f5 16. gxf6 Bh6 17. Qg3 Bxc1 18. Qxg6+ Kd8 19. f7 Nd7 20. O-O Bd2 21. e6 Ne5
22. Qf6+ Kc7 23. Qxe5+ Kb6 24. Na4+ Kb5 25. Qxb2+ Kxa4 26. Qb3+ Ka5 27. Nd4 c5
28. Nb5 Rb8 29. Bxd5 a6 30. Na7 Rd8 31. Qa3+ Kb6 32. Nxc8+ Rbxc8 0-1

[Event "Challenge02"]
[Site "http://www.queenalice.com/game.php?id=488349"]
[Date "2008.11.5"]
[Round "-"]
[White "montelo"]
[Black "Andre251"]
[Result "1-0"]
[WhiteElo "1644"]
[BlackElo "1788"]

1. e4 e5 2. Nf3 d6 3. Bc4 Qd7 4. Ng5 Nh6 5. Qh5 g6 6. Qf3 f5 7. Qh3 Qg7 8. Ne6
Bxe6 9. Bxe6 fxe4 10. d3 Qf6 11. Nc3 c6 12. Nxe4 Qe7 13. Bg5 Qg7 14. Nf6+ Ke7
15. Nh5+ Ke8 16. Nxg7+ Bxg7 17. Bxh6 Bxh6 18. Qxh6 Nd7 19. Qg7 Nf8 20. Qxh8 Ke7
21. Qg8 h5 22. Qf7+ Kd8 23. Qxf8+ Kc7 24. Qxa8 Kb6 25. Qd8+ Ka6 26. b4 b6 27.
Bc4+ 1-0

[Event "Challenge"]
[Site "http://www.queenalice.com/game.php?id=488384"]
[Date "2008.11.5"]
[Round "-"]
[White "ACG"]
[Black "Andre251"]
[Result "1-0"]
[WhiteElo "1152"]
[BlackElo "1551"]

1. d4 d5 2. c4 dxc4 3. Nc3 Be6 4. e4 c6 5. Nf3 Bg4 6. Bxc4 e6 7. O-O Nf6 8. Be3
h5 9. h3 Bxh3 10. Nh4 Bxg2 11. Nxg2 Ng4 12. Qf3 Nxe3 13. fxe3 1-0

[Event "Challenge"]
[Site "http://www.queenalice.com/game.php?id=488574"]
[Date "2008.11.5"]
[Round "-"]
[White "mandacaru"]
[Black "Andre251"]
[Result "0-1"]
[WhiteElo "1658"]
[BlackElo "1664"]

1. e4 e5 2. Nf3 Nc6 3. c3 Nf6 4. Ng5 h6 5. Nh3 Nxe4 6. Qf3 d5 7. Bb5 Bd7 8. d3
Nf6 9. b4 a6 10. Bxc6 Bxc6 11. O-O Qd7 12. Re1 Bd6 13. Qg3 O-O-O 14. Qxg7 Rhg8
15. Qxh6 Qe6 16. Ng5 Qe7 17. d4 e4 18. f3 Rh8 19. Nh7 Rxh7 20. Qe3 Rxh2 21. c4
Rdh8 22. c5 Bg3 0-1

[Event "Challenge"]
[Site "http://www.queenalice.com/game.php?id=493351"]
[Date "2008.11.14"]
[Round "-"]
[White "Andre251"]
[Black "Carlos75"]
[Result "0-1"]
[WhiteElo "1679"]
[BlackElo "2572"]

1. e4 e5 2. Nf3 Nc6 3. Bc4 Bc5 4. d3 Nf6 5. Bg5 d6 6. c3 h6 7. Bxf6 Qxf6 8. Nbd2
O-O 9. h3 Nd8 10. g4 Ne6 11. Bxe6 Bxe6 12. c4 Qf4 13. Qe2 c6 0-1